000 00870 a2200241 4500
005 20251015125628.0
008 251015b |||||||| |||| 00| 0 eng d
020 _a9789360804947 (hbk)
037 _cTB
040 _aAL
_cAL
041 _2eng
_aeng
084 _aR3xN26:g(S5) Q6
_qAL
100 _aGautam, Sanjay Kumar
_9848075
245 _aFoucault and the kamasutra:
_bThe courtesan, the dandy, and the birth of ARS erotica as theatre in India
260 _aNew Delhi, India:
_bManohar Publishers & Distributors,
_c2025.
300 _axi, 282p.
365 _b1495.00
_cINR
650 _aFoucault, Michel
_9848424
650 _aPhilosophy
_9848425
650 _aSex
_9848426
942 _cTB
_2CC
_n0
_hR3xN26:g(S5) Q6
999 _c1464673
_d1464673